Quizzes
Events
Quiz Creation
Community
Videos
Private Events
Remove Ads
Sign In
Join for FREE
Feedback
Dark Mode
Quiz Categories
Sports
Geography
Music
Movies
Television
Just For Fun
Miscellaneous
History
Literature
Language
Science
Gaming
Entertainment
Religion
Holiday
For Kids
Quiz Lab
Recent
Popular Today
Quiz Kudos Today
Editor Picks
Curator Picks
Quizzes by...
Day
Popularity
Type
Ratings
Length
Year
Community
Subscriptions
Recent Discussions
Orange Saloon
Badges
Playlists
Quests
Create
Leaderboards
Showdown
Live 5
Trivia Bingo
Activity
Puzzle Library
Sporcle Events
Private Events
Virtual Trivia
Globe League
Become a Host
Pub Owners
SporcleCon
Opinionation
Our Games
Videos
Blog
Mobile Apps
Partnerships
Remove Ads and Go Orange
Feedback
Sports
Athletes
MLB
NBA
NHL
NFL
Soccer
Sports Teams
WWE
NCAA
Football
Premier League
Basketball
Baseball
Hockey
Golf
Tennis
Cricket
Rugby
Auto Racing
Olympics
World Cup
Sports
Athletes
MLB
NBA
NHL
NFL
Soccer
Sports Teams
WWE
NCAA
Football
Premier League
Basketball
Baseball
Hockey
Golf
Tennis
Cricket
Rugby
Auto Racing
Olympics
World Cup
Random Quiz
Search Sporcle
×
Quiz Lab
Quiz Lab
Sports
Football
Type in answers that appear in a list
Type in answers that appear in a list
Classic
Best Score? Go Orange.
Football Conference Teams 2009/2010 Stats
Can you name the Football Conference Teams 2009/2010?
By
meme
10m
68 Questions
757 Plays
757 Plays
757 Plays
Comments
Comments
Give Quiz Kudos
Give Quiz Kudos
-
- Ratings
hide this ad
Replay
Link that replays current quiz
Next Quiz
Link to next quiz in quiz playlist
You Got
0%
They Got
Avg Score
61%
Avg Friend Score
Upgrade to see
Score Distribution
Jump to the score distribution portion of the page
Score
0/68
Timer
10:00
0
Plays Today
Division
Team
% Correct
Conference Premier
Oxford United
93%
Conference Premier
Luton Town
90.1%
Conference Premier
AFC Wimbledon
88.8%
Conference Premier
Cambridge United
86.9%
Conference Premier
York City
85.6%
Conference Premier
Chester City
85.3%
Conference Premier
Barrow
84.5%
Conference Premier
Gateshead
83.3%
Conference Premier
Mansfield Town
82.9%
Conference Premier
Altrincham
82.5%
Conference Premier
Kidderminster Harriers
82.3%
Conference Premier
Wrexham
82.3%
Conference Premier
Stevenage Borough
81.7%
Conference Premier
Kettering Town
81.2%
Conference Premier
Forest Green Rovers
79.9%
Conference Premier
Ebbsfleet United
78.3%
Conference Premier
Tamworth
76.9%
Conference Premier
Rushden and Diamonds
76.7%
Conference Premier
Grays Athletic
75.5%
Conference Premier
Hayes and Yeading United
75%
Conference Premier
Histon
74.5%
Conference Premier
Eastbourne Borough
72.8%
Conference South
Weymouth
72.5%
Conference Premier
Crawley Town
72.2%
Conference North
AFC Telford United
70.6%
Conference Premier
Salisbury City
70.5%
Conference South
Woking
70.4%
Conference North
Northwich Victoria
68.3%
Conference South
Dover Athletic
67.2%
Conference North
Southport
65.1%
Conference South
Lewes
63.8%
Conference North
Fleetwood Town
60.3%
Conference North
Droylsden
59.4%
Conference North
Farsley Celtic
58.5%
Division
Team
% Correct
Conference South
Newport County
57.5%
Conference South
Bath City
56.7%
Conference South
Worcester City
56.1%
Conference North
Blyth Spartans
54.1%
Conference North
Gloucester City
53%
Conference North
Workington
52.4%
Conference North
Stalybridge Celtic
52.2%
Conference North
Alfreton Town
50.4%
Conference South
Eastleigh
50.4%
Conference North
Vauxhall Motors
50%
Conference North
Corby Town
49.2%
Conference North
Hyde United
48.8%
Conference North
Stafford Rangers
47.9%
Conference South
Chelmsford City
47.6%
Conference North
Harrogate Town
47.1%
Conference North
Redditch United
46.7%
Conference North
Eastwood Town
45.6%
Conference South
Havant and Waterlooville
45.6%
Conference North
Hinckley United
45.1%
Conference South
St Albans City
44.4%
Conference South
Dorchester Town
44.2%
Conference South
Weston-super-Mare
44.2%
Conference South
Basingstoke Town
43.7%
Conference North
Gainsborough Trinity
43.5%
Conference South
Braintree Town
43.5%
Conference North
Solihull Moors
42.7%
Conference North
Ilkeston Town
42.3%
Conference South
Welling United
41.8%
Conference South
Hampton and Richmond Borough
40.5%
Conference South
Thurrock
39.6%
Conference South
Staines Town
38.2%
Conference South
Bromley
38.1%
Conference South
Maidenhead United
37.6%
Conference South
Bishop's Stortford
35.4%
Quiz Playlist
Details
Report
Send in Message
Add To Playlist
Classic:
Type in answers that appear in a list
Quiz Source
Last Updated: Feb 16, 2017
Quiz Scoreboard
CHALLENGE
Sign Up to Join the Scoreboard
Show All
Scores
Hide
Comments
May contain spoilers
Recently Published
Pick 6: Fruits
by JohnFran
Miscellaneous
15s
Click the 1999 NBA Draft
by nibperrychub
Sports
2m
Alphabetical 'K' Countries by Flag Minefield
by ylime102
Geography
3m
More to Explore
Quiz From the Vault
Featured Blog Post
15 Basketball Trivia Facts You Can Be March Mad About
hide this ad
You Might Also Like...
Tags
Football Quiz
2009
2010
Conference
Division
Football Conference
team
Today's Top Quizzes in Sports
Browse Sports
hide this ad
Today's Top Quizzes in Football
Browse Football
Top Contributed Quizzes in Sports
1
Don't Strike Out: 3000 Strikeouts
2
MLB 2 truths and a lie: Hall of Fame pitchers
3
MLB Players with Two .350 Batting Average Seasons
4
Last 10 Members of the 500 HR Club in Order
5
Criteria MLB: Left Handed Sluggers
6
One Time Final Four Teams
7
Millionaire: NBA Finals Edition
8
MLB Teams by First Game
9
Pitchers With Multiple No-Hitters
10
Pick 6: NFL Teams
Explore More
Trending Topics
Marvel
Crossword
Anime
Kpop
Harry Potter
Disney
NBA
Song
The Office
NFL
Puzzle
Soccer
Pokémon
WWE
Country
hide this ad
More By:
meme
Quiz
Plays
Rating
Category
Featured
Created
Football Conference Teams 2009/2010
757
3.60
Sports
Sep 27, 2009
Go to Creator's Profile
Score Distribution
Quiz Creator Spotlight
meme
Follow
Send a Message
Quizzes Created
-
Created Quiz Play Count
-
More By This Creator
Popular Quizzes Today
1
Find the US States - No Outlines Minefield
2
Countries of Asia Without Outlines Minefield
3
Pick 6: Fruits
4
Alphabetical 'K' Countries by Flag Minefield
5
The Countries of the World
6
Click the 1999 NBA Draft
7
Match the Book to the Film X
8
Find the US States
More Sports Quizzes
All winners for Ferrari F1 Team
Quiz Lab
Trending Quizzes
Pick 6: Harry Potter
Pick 6: Mountains
Pick 6: NFL Teams
Pick 6: Golfers
Pick 6: Movie Franchises
Recently Updated
Women's Final Four Teams by Year
bhenderson79
Presidents Quartet II
eogle
Anything But Clue(do)
eogle
Anything But Oceanian Capitals
eogle
Anything But 7
eogle
Anything But Thing
eogle
Word Ladder: February 29
pecheneg
Song Title Questions
pecheneg
Women's NCAA Tournament #1 Seeds
pecheneg
Celebrity Mug Shots
pecheneg
Trending Topics
Anime
Crossword
Kpop
Disney
Marvel
Harry Potter
NBA
The Office
Country
NFL
Song
Puzzle
Soccer
Pokémon
WWE
Your Account Isn't Verified!
In order to create a playlist on Sporcle, you need to verify the email address you used during registration. Go to your
Sporcle Settings
to finish the process.
Report this User
Report this user for behavior that violates our
Community Guidelines
.
Details:
Send Report
Go to the Sporcle.com Mobile Site →
Comments